000 00928cam a2200289 i 4500
008
020 _a9780226302133 (hbk.)
049 _aMAIN
090 _aQH372
_bCLA
100 1 _aClayton, Dale H.
245 1 0 _aCoevolution of life on hosts :
_bintegrating ecology and history /
_cDale H. Clayton, Sarah E. Bush, and Kevin P. Johnson
300 _axiv, 294 p :
_bill (some col), maps (some col),16 plates ;
_c24 cm
490 1 _aInterspecific interactions
504 _aIncludes bibliographical references.
500 _aIncludes index.
650 0 _aCoevolution
650 0 _aLice
650 0 _aParasites
700 1 _aBush, Sarah Elizabeth,
_eauthor
700 1 _aJohnson, Kevin P.,
_eauthor
830 0 _aInterspecific interactions
907 _a.b10377888
_b21-02-17
_c20-02-17
003
005 20230123122240.0
040 _cNUST
942 _cBOOKS
_kQH372
_mCLA
999 _c130362
_d130362